000 00409nam a2200097Ia 4500
008 180130s9999 xx 000 0 und d
245 _cHonoria-Franca, Adenilda Cristina; Franca, Eduardo Luzia
_aHuman milk: an ecologically functional food
260 _c2015
300 _aBook title: Significant concept in global environmental change--Acession number C19421; pages 39-46
650 _aGLOBAL ENVIRONMENTAL CHANGE
999 _c354539
_d354539